Statistics for Three Biggest Cities in Each County of England on a Map

Click here to take the quiz!

General Stats

  • This quiz has been taken 305 times
  • The average score is 83 of 138

Answers on the Map

Answers color-coded by a green-red scale on the quiz's map according to % correct below.
 

Answer Stats

County RankPopulationCity% Correct
19,401City of London
97%
19,047,570London
97%
1577,246Bristol
96%
11,160,254Birmingham
95%
2148,861Cambridge
95%
1586,889Liverpool
95%
1563,561Manchester
95%
279,683Newcastle-under-Lyme
94%
1287,535Newcastle upon Tyne
94%
1239,677Plymouth
94%
1244,917Brighton and Hove
93%
1511,164Leeds
93%
1472,558Leicester
93%
1162,291Oxford
93%
1288,028Kingston upon Hull
92%
1197,212Norwich
92%
1315,987Nottingham
92%
1269,750Southampton
92%
1552,143Sheffield
91%
2164,369York
90%
1106,415Lincoln
89%
1264,654Derby
88%
1230,031Northampton
88%
1147,509Gloucester
87%
2248,929Portsmouth
87%
287,983Chester
85%
2125,819Exeter
85%
1148,742Ipswich
84%
1229,482Reading
83%
1102,791Worcester
83%
1145,821Blackpool
82%
1278,137Stoke-on-Trent
82%
1103,614Bath
81%
1197,383Bournemouth
81%
2382,073Coventry
81%
2366,187Bradford
80%
163,783Hereford
80%
3220,873Wolverhampton
80%
1221,502Luton
77%
2174,807Sunderland
77%
174,889Carlisle
76%
1177,354Middlesbrough
76%
1185,111Southend-on-Sea
76%
293,378Bedford
75%
1184,824Milton Keynes
75%
1178,805Peterborough
75%
2120,932Blackburn
72%
2138,131Colchester
72%
399,760Preston
72%
1192,408Swindon
71%
1141,651Watford
69%
2205,411Bolton
68%
3171,809Huddersfield
68%
2116,834Doncaster
67%
288,323Grimsby
66%
2164,770Slough
66%
2159,449Poole
64%
3118,759Chelmsford
61%
393,539Hastings
61%
2117,073Cheltenham
60%
2114,809Eastbourne
60%
3111,481Rotherham
60%
276,621Shrewsbury
60%
341,138Great Yarmouth
58%
288,485Weston-super-Mare
58%
289,469Chesterfield
57%
125,844Newport
57%
1172,684Warrington
57%
3122,249Gateshead
56%
2108,584Gillingham
56%
1119,905Maidstone
56%
2112,198Crawley
55%
193,305Darlington
55%
248,691King's Lynn
55%
2105,127Saint Helens
54%
1152,222Telford
54%
1107,854Woking
54%
3114,402Basingstoke
53%
246,292Salisbury
53%
363,833Taunton
53%
244,513Barrow-in-Furness
52%
286,611Guildford
52%
383,583Scunthorpe
52%
290,074Hartlepool
51%
2123,813High Wycombe
51%
388,950Aylesbury
50%
282,698Mansfield
50%
1115,191Worthing
50%
393,902Southport
49%
374,152Harrogate
48%
276,419Rugby
48%
357,831Royal Leamington Spa
47%
394,081Stevenage
47%
374,949Crewe
46%
223,957Falmouth
46%
190,429Nuneaton
45%
126,037Saint Austell
45%
3138,206Sale
44%
384,492Stockton-on-Tees
44%
360,749Kettering
43%
273,800Lowestoft
43%
2102,870Hemel Hempstead
42%
329,672Kendal
42%
111,191Oakham
42%
377,536Burton upon Trent
41%
356,779Christchurch
41%
261,740Corby
41%
224,847Ryde
41%
139,535Blyth
40%
341,554Bury Saint Edmunds
40%
267,956Loughborough
40%
331,130Beverley
39%
385,067Bracknell
39%
367,179Paignton
39%
357,929Kidderminster
37%
247,447Banbury
36%
370,309Bognor Regis
36%
235,264Bridlington
36%
380,820Chatham
36%
339,654Abingdon
35%
283,010Redditch
33%
228,139Ashington
32%
343,451Trowbridge
31%
322,630Camborne
30%
211,700Leominster
30%
320,119Oswestry
30%
327,384Cramlington
28%
311,309Ross-on-Wye
28%
311,868Sandown
28%
354,131Beeston
26%
349,741Hinckley
26%
342,573Leighton Buzzard
25%
349,972Swadlincote
23%
24,853Uppingham
23%
334,655Wisbech
23%
369,213Walton-on-Thames
21%
370,004Filton
19%
32,062Cottesmore
17%

Score Distribution

Percentile by Number Answered

Percent of People with Each Score

Your Score History

You have not taken this quiz